| 000 | 00780na a2200229 4500 | ||
|---|---|---|---|
| 001 | 18351 | ||
| 003 | MIRAKIL | ||
| 005 | 20181213154845.0 | ||
| 008 | 161117b tu 000 0 | ||
| 020 | _a9786054303083 | ||
| 040 |
_aMilas _btur _cTR-AnCHP |
||
| 041 | _atur | ||
| 082 |
_a320.956 _bS59 2012 |
||
| 090 | _a320.956 S59 2012 | ||
| 245 |
_aSiyaset akademisi _bTürk siyasetinde bir dönem ve yeni bakış açıları (19 Mayıs-26 Haziran 2010) _ceditör Zeynep Banu Dalaman |
||
| 246 | _aTürk siyasetinde bir dönem ve yeni bakış açıları (19 Mayıs-26 Haziran 2010) | ||
| 260 |
_aİstanbul _bİstanbul Aydın Üniversitesi _c2012 |
||
| 300 |
_a299 s. _c24 sm. |
||
| 500 | _aYapıt yazarından imzalıdır. | ||
| 700 | _aDalaman, Zeynep Banu | ||
| 942 |
_2ddc _cBKS |
||
| 999 |
_c2105 _d2105 |
||